Gminy województwa lubelskiego na mapie - Statystyki

Ogólne statystyki
  • Ten quiz został rozwiązany 1 166 razy
  • Średni wynik to 75 z 213
Odpowiedzi na mapie
Odpowiedzi zakodowano w zielono-czerwonej skali na mapie do tego quizu, zgodnie z poniższymi procentami.
 
Statystyki odpowiedzi
Powiat Typ gminy Gmina % Poprawnych
miasta na prawach powiatu miejska m. Lublin
92%
bialski wiejska Biała Podlaska
87%
miasta na prawach powiatu miejska m. Biała Podlaska
87%
miasta na prawach powiatu miejska m. Zamość
87%
zamojski wiejska Zamość
87%
chełmski wiejska Chełm
85%
miasta na prawach powiatu miejska m. Chełm
85%
świdnicki miejska Świdnik
79%
biłgorajski miejska | wiejska Biłgoraj
78%
hrubieszowski miejska | wiejska Hrubieszów
78%
łukowski miejska | wiejska Łuków
77%
puławski miejska | wiejska Puławy
77%
tomaszowski miejska | wiejska Tomaszów Lubelski
77%
kraśnicki miejska | wiejska Kraśnik
76%
lubartowski miejska | wiejska Lubartów
76%
krasnostawski miejska | wiejska Krasnystaw
75%
włodawski miejska | wiejska Włodawa
75%
janowski miejsko-wiejska Janów Lubelski
74%
łęczyński miejsko-wiejska Łęczna
73%
rycki miejsko-wiejska Ryki
72%
opolski miejsko-wiejska Opole Lubelskie
70%
radzyński miejska | wiejska Radzyń Podlaski
70%
parczewski miejsko-wiejska Parczew
68%
bialski miejska | wiejska Terespol
62%
rycki miejska Dęblin
61%
świdnicki miejsko-wiejska Piaski
61%
puławski miejsko-wiejska Nałęczów
60%
puławski miejsko-wiejska Kazimierz Dolny
59%
kraśnicki miejsko-wiejska Annopol
58%
lubelski miejsko-wiejska Bychawa
56%
biłgorajski miejsko-wiejska Józefów
56%
zamojski miejsko-wiejska Zwierzyniec
56%
chełmski miejsko-wiejska Rejowiec
55%
lubelski wiejska Niemce
54%
zamojski miejsko-wiejska Szczebrzeszyn
54%
biłgorajski miejsko-wiejska Frampol
53%
bialski miejska | wiejska Międzyrzec Podlaski
53%
lubelski miejsko-wiejska Bełżyce
52%
lubartowski miejsko-wiejska Kock
49%
chełmski miejska | wiejska Rejowiec Fabryczny
49%
biłgorajski miejsko-wiejska Goraj
47%
opolski miejsko-wiejska Poniatowa
47%
łukowski miejska | wiejska Stoczek Łukowski
47%
zamojski miejsko-wiejska Krasnobród
46%
bialski wiejska Janów Podlaski
45%
łęczyński wiejska Cyców
44%
biłgorajski miejsko-wiejska Turobin
43%
chełmski wiejska Dorohusk
42%
puławski miejsko-wiejska Kurów
42%
tomaszowski miejsko-wiejska Lubycza Królewska
42%
parczewski wiejska Jabłoń
41%
biłgorajski miejsko-wiejska Tarnogród
41%
krasnostawski miejsko-wiejska Izbica
39%
opolski miejsko-wiejska Józefów nad Wisłą
39%
puławski miejsko-wiejska Końskowola
39%
zamojski | łukowski wiejska Adamów
38%
lubelski wiejska Niedrzwica Duża
38%
lubartowski miejsko-wiejska Ostrów Lubelski
38%
lubelski wiejska Garbów
37%
lubelski wiejska Głusk
37%
janowski miejsko-wiejska Modliborzyce
37%
zamojski wiejska Stary Zamość
37%
kraśnicki miejsko-wiejska Urzędów
37%
puławski miejsko-wiejska Wąwolnica
37%
lubelski wiejska Jastków
36%
zamojski wiejska Nielisz
36%
świdnicki wiejska Mełgiew
34%
lubartowski wiejska Firlej
33%
lubartowski miejsko-wiejska Kamionka
33%
lubelski wiejska Wysokie
33%
tomaszowski wiejska Bełżec
32%
lubelski wiejska Jabłonna
32%
bialski wiejska Kodeń
32%
lubelski wiejska Konopnica
32%
chełmski miejsko-wiejska Siedliszcze
32%
świdnicki wiejska Trawniki
32%
tomaszowski miejsko-wiejska Tyszowce
31%
tomaszowski wiejska Susiec
30%
bialski miejsko-wiejska Piszczac
29%
zamojski wiejska Radecznica
29%
krasnostawski wiejska Żółkiewka
29%
hrubieszowski wiejska Horodło
28%
łęczyński wiejska Milejów
28%
rycki wiejska Stężyca
28%
lubelski wiejska Wólka
28%
krasnostawski wiejska Fajsławice
27%
puławski wiejska Janowiec
27%
lubelski wiejska Wojciechów
27%
lubelski wiejska Krzczonów
26%
tomaszowski miejsko-wiejska Łaszczów
26%
puławski wiejska Markuszów
26%
puławski wiejska Żyrzyn
26%
opolski wiejska Chodel
25%
radzyński miejsko-wiejska Czemierniki
25%
hrubieszowski wiejska Dołhobyczów
25%
włodawski wiejska Hanna
25%
krasnostawski wiejska Rudnik
25%
bialski wiejska Sławatycze
25%
włodawski wiejska Urszulin
25%
bialski wiejska Wisznice
25%
kraśnicki wiejska Zakrzówek
25%
kraśnicki wiejska Wilkołaz
24%
biłgorajski wiejska Aleksandrów
23%
lubartowski wiejska Michów
23%
opolski wiejska Wilków
23%
lubartowski wiejska Abramów
22%
radzyński wiejska Kąkolewnica
22%
chełmski wiejska Kamień
22%
krasnostawski wiejska Łopiennik Górny
22%
świdnicki wiejska Rybczewice
22%
tomaszowski wiejska Tarnawatka
22%
biłgorajski wiejska Tereszpol
22%
lubelski wiejska Zakrzew
22%
zamojski wiejska Grabowiec
21%
bialski wiejska Konstantynów
21%
zamojski wiejska Łabunie
21%
lubartowski wiejska Serniki
21%
lubelski wiejska Strzyżewice
21%
hrubieszowski wiejska Werbkowice
21%
włodawski wiejska Wola Uhruska
21%
puławski wiejska Baranów
20%
opolski wiejska Karczmiska
20%
biłgorajski wiejska Księżpol
20%
lubartowski wiejska Niedźwiada
20%
łęczyński wiejska Puchaczów
20%
chełmski wiejska Sawin
20%
radzyński wiejska Ulan-Majorat
20%
rycki wiejska Ułęż
20%
janowski wiejska Chrzanów
19%
chełmski wiejska Dubienka
19%
bialski wiejska Leśna Podlaska
19%
łęczyński wiejska Ludwin
19%
biłgorajski wiejska Obsza
19%
biłgorajski wiejska Potok Górny
19%
krasnostawski wiejska Siennica Różana
19%
zamojski wiejska Skierbieszów
19%
łęczyński wiejska Spiczyn
19%
zamojski wiejska Sułów
19%
hrubieszowski wiejska Uchanie
19%
chełmski wiejska Wojsławice
19%
janowski wiejska Batorz
18%
biłgorajski wiejska Biszcza
18%
lubelski wiejska Borzechów
18%
parczewski wiejska Dębowa Kłoda
18%
krasnostawski wiejska Gorzków
18%
włodawski wiejska Hańsk
18%
lubartowski wiejska Jeziorzany
18%
zamojski wiejska Komarów-Osada
18%
bialski wiejska Łomazy
18%
hrubieszowski wiejska Mircze
18%
parczewski wiejska Sosnowica
18%
kraśnicki wiejska Szastarka
18%
janowski wiejska Dzwola
17%
kraśnicki wiejska Gościeradów
17%
opolski wiejska Łaziska
17%
biłgorajski wiejska Łukowa
17%
bialski wiejska Rokitno
17%
zamojski wiejska Sitno
17%
radzyński wiejska Wohyń
17%
radzyński wiejska Borki
16%
radzyński wiejska Komarówka Podlaska
16%
krasnostawski wiejska Kraśniczyn
16%
łukowski wiejska Krzywda
16%
zamojski wiejska Miączyn
16%
parczewski wiejska Milanów
16%
łukowski wiejska Serokomla
16%
tomaszowski wiejska Ulhówek
16%
chełmski wiejska Wierzbica
16%
bialski wiejska Drelów
15%
janowski wiejska Godziszów
15%
tomaszowski wiejska Krynice
15%
janowski wiejska Potok Wielki
15%
tomaszowski wiejska Rachanie
15%
chełmski wiejska Ruda-Huta
15%
parczewski wiejska Siemień
15%
tomaszowski wiejska Telatyn
15%
kraśnicki wiejska Trzydnik Duży
15%
bialski wiejska Zalesie
15%
chełmski wiejska Leśniowice
14%
rycki wiejska Nowodwór
14%
lubartowski wiejska Ostrówek
14%
bialski wiejska Rossosz
14%
łukowski wiejska Stanin
14%
włodawski wiejska Stary Brus
14%
łukowski wiejska Wojcieszków
14%
włodawski wiejska Wyryki
14%
chełmski wiejska Białopole
13%
rycki wiejska Kłoczew
13%
parczewski wiejska Podedwórze
13%
bialski wiejska Sosnówka
13%
łukowski wiejska Trzebieszów
13%
bialski wiejska Tuczna
13%
lubartowski wiejska Uścimów
13%
chełmski wiejska Żmudź
13%
tomaszowski wiejska Jarczów
12%
hrubieszowski wiejska Trzeszczany
12%
kraśnicki wiejska Dzierzkowice
11%
łukowski wiejska Wola Mysłowska
11%
Nie znaleziono quizów pasujących do podanych kryteriów
Rozkład punktacji
Procent ludzi z każdym wynikiem
Percentyl według liczby udzielonych odpowiedzi
Twoja historia wyników
Nie rozwiązałeś tego quizu